[Event "Gatineau Hull CC 28 Ann-B"]
[Site "Gatineau"]
[Date "2007.09.18"]
[Round "2"]
[White "Charland, Roger"]
[Black "Dallaire, Dominic"]
[Result "0-1"]
[WhiteElo "1522"]
[BlackElo "1860"]
[PlyCount "72"]
[EventDate "2007.09.11"]
[EventType "swiss"]
[EventRounds "5"]
[EventCountry "CAN"]
[SourceTitle "EXT 2022"]
[Source "ChessBase"]
[SourceDate "2021.10.06"]
[SourceVersion "1"]
[SourceVersionDate "2021.10.06"]
[SourceQuality "1"]

1. e4 e6 2. Nf3 d5 3. exd5 exd5 4. d4 Bd6 5. Nc3 c6 6. Bd3 h6 7. Ne2 Nf6 8. Bf4 0-0 9. Qd2 Re8 10. 0-0-0 Ne4 11. Bxe4 Rxe4 12. Bxd6 Qxd6 13. Ng3 Re7 14. Ne5 Be6 15. f4 a5 16. f5 Bc8 17. f6 Qxf6 18. h4 Qd6 19. Rhf1 Be6 20. Nf5 Bxf5 21. Rxf5 Nd7 22. Qf2 Nxe5 23. dxe5 Qc7 24. Rf1 Rae8 25. Kd2 a4 26. g4 b5 27. h5 d4 28. g5 hxg5 29. Rxg5 Rxe5 30. Rxg7+ Kxg7 31. Qf6+ Kh7 32. h6 Re2+ 33. Kd1 Qe5 34. Qxf7+ Kh8 35. Rf2 Re1+ 36. Kd2 Qe3# 0-1

[Event "Gatineau Hull CC 28 Ann-B"]
[Site "Gatineau"]
[Date "2007.09.11"]
[Round "1"]
[White "Dallaire, Dominic"]
[Black "Arsenault, Yves"]
[Result "1-0"]
[WhiteElo "1860"]
[BlackElo "1411"]
[PlyCount "93"]
[EventDate "2007.09.11"]
[EventType "swiss"]
[EventRounds "5"]
[EventCountry "CAN"]
[SourceTitle "EXT 2022"]
[Source "ChessBase"]
[SourceDate "2021.10.06"]
[SourceVersion "1"]
[SourceVersionDate "2021.10.06"]
[SourceQuality "1"]

1. e4 e5 2. f4 exf4 3. Nf3 Be7 4. Bc4 d6 5. d4 Bh4+ 6. Kf1 Bg4 7. Bxf4 Ne7 8. Qd3 Ng6 9. Bd2 Qf6 10. Nc3 c6 11. Kg1 Nd7 12. Rf1 0-0 13. Nxh4 Qxh4 14. Be1 Qe7 15. Qg3 Nf6 16. h3 Be6 17. Bd3 Nh5 18. Qe3 Rac8 19. g4 Nf6 20. Qf3 b5 21. g5 Nd7 22. h4 f6 23. Qg3 fxg5 24. hxg5 Rxf1+ 25. Kxf1 Rf8+ 26. Ke2 Nf4+ 27. Kd2 Qf7 28. Rf1 Nh5 29. Rxf7 Nxg3 30. Rxf8+ Kxf8 31. Bxg3 Ke7 32. Ne2 Bxa2 33. b3 a5 34. Nc1 Bb1 35. Kc3 b4+ 36. Kb2 Bxc2 37. Kxc2 c5 38. dxc5 Nxc5 39. Ne2 Kd7 40. Nd4 g6 41. Nb5 Ne6 42. Nxd6 Nxg5 43. Nc4 h5 44. Ne5+ Ke7 45. Nxg6+ Kf6 46. e5+ Kg7 47. Nf4 1-0

[Event "Hull CC-ch C"]
[Site "Gatineau"]
[Date "2007.03.13"]
[Round "?"]
[White "Libersan, Mattieu"]
[Black "Dallaire, Dominic"]
[Result "1-0"]
[WhiteElo "1894"]
[BlackElo "1873"]
[PlyCount "90"]
[EventDate "2007.03.13"]
[EventType "swiss"]
[EventRounds "5"]
[EventCountry "CAN"]
[SourceTitle "EXT 2022"]
[Source "ChessBase"]
[SourceDate "2021.10.06"]
[SourceVersion "1"]
[SourceVersionDate "2021.10.06"]
[SourceQuality "1"]

1. e4 e6 2. d4 d5 3. Nc3 Bb4 4. Nge2 Ne7 5. a3 Bxc3+ 6. Nxc3 b6 7. Be3 Bb7 8. e5 Nf5 9. Qd2 Nxe3 10. Qxe3 Nd7 11. Bd3 a6 12. Ne2 c5 13. c3 Qe7 14. 0-0 h5 15. Rac1 h4 16. h3 g5 17. f4 Rg8 18. fxg5 Rxg5 19. Qf4 Nf8 20. Rf2 Ng6 21. Qf6 c4 22. Bc2 Qxf6 23. Rxf6 Ke7 24. Rcf1 Rf8 25. Nf4 Nxf4 26. R1xf4 Rg7 27. Rxh4 Rfg8 28. Rf2 Rg3 29. Rh7 R8g7 30. Rxg7 Rxg7 31. g4 Bc6 32. Kh2 Be8 33. Kg3 Rg8 34. Rf6 Rh8 35. h4 Kf8 36. g5 Kg7 37. Kg4 b5 38. h5 a5 39. g6 fxg6 40. Bxg6 Bxg6 41. Rxg6+ Kf7 42. Kg5 Rh7 43. Rf6+ Ke7 44. Kg6 Rh8 45. Rf7+ Ke8 1-0

[Event "Gatineau Monarque Noir op"]
[Site "Gatineau"]
[Date "2006.01.24"]
[Round "4"]
[White "Dallaire, Dominic"]
[Black "Szalay, Karoly"]
[Result "1-0"]
[WhiteElo "1837"]
[BlackElo "1737"]
[PlyCount "164"]
[EventDate "2006.01.03"]
[EventType "swiss"]
[EventRounds "7"]
[EventCountry "CAN"]
[SourceTitle "EXT 2007"]
[Source "ChessBase"]
[SourceDate "2006.11.23"]
[SourceVersion "1"]
[SourceVersionDate "2006.11.23"]
[SourceQuality "1"]

1. e4 e5 2. Nf3 Nc6 3. Bb5 a6 4. Ba4 Nf6 5. 0-0 b5 6. Bb3 Bc5 7. Nxe5 Nxe5 8. d4 Bxd4 9. Qxd4 d6 10. Bg5 c5 11. Bxf6 gxf6 12. Qd2 c4 13. Nc3 cxb3 14. axb3 Be6 15. f4 Nc6 16. f5 Bc8 17. Nd5 Ne5 18. Qh6 Nd7 19. Qg7 Rf8 20. Qxh7 Bb7 21. Nf4 Qe7 22. Rfe1 0-0-0 23. Ng6 Qe8 24. Nxf8 Qxf8 25. Qh4 Qg7 26. Re3 Nc5 27. Rc3 Kb8 28. Rg3 Qh8 29. Qf4 Nxe4 30. Re3 Ng5 31. h4 Nh7 32. Rd1 Qg7 33. g3 Qf8 34. c4 bxc4 35. bxc4 Ka8 36. b4 d5 37. c5 Bc6 38. Ra1 Kb7 39. Qf1 Bb5 40. Qe1 Re8 41. Raa3 d4 42. Rxe8 Qxe8 43. Qxe8 Bxe8 44. Rd3 Bd7 45. g4 Bc6 46. Rxd4 Nf8 47. Kf2 Kc7 48. Ke3 Nd7 49. g5 fxg5 50. hxg5 Bb5 51. g6 fxg6 52. fxg6 Nf6 53. Kf4 Be8 54. Kg5 Ng8 55. Rd6 Bb5 56. g7 Bc4 57. Kg6 Ne7+ 58. Kh7 Bg8+ 59. Kh8 Bc4 60. Rd1 Bb3 61. Re1 Kd7 62. Kh7 Bg8+ 63. Kh6 Nd5 64. Re4 Bf7 65. Rd4 Kc6 66. Kg5 Bg8 67. Kf5 Ne7+ 68. Ke5 Kb5 69. Rd7 Nc6+ 70. Kd6 Nxb4 71. Rb7+ Kc4 72. Rb8 Bf7 73. g8Q Bxg8 74. Rxg8 a5 75. c6 Nxc6 76. Kxc6 a4 77. Rg4+ Kb3 78. Rg3+ Kc4 79. Rg4+ Kb3 80. Kc5 a3 81. Rb4+ Kc2 82. Kc4 a2 1-0

[Event "Gatineau Monarque Noir op"]
[Site "Gatineau"]
[Date "2006.01.03"]
[Round "1"]
[White "Dallaire, Dominic"]
[Black "Thompson, Daniel"]
[Result "1/2-1/2"]
[WhiteElo "1845"]
[BlackElo "1363"]
[PlyCount "87"]
[EventDate "2006.01.03"]
[EventType "swiss"]
[EventRounds "7"]
[EventCountry "CAN"]
[SourceTitle "EXT 2007"]
[Source "ChessBase"]
[SourceDate "2006.11.23"]
[SourceVersion "1"]
[SourceVersionDate "2006.11.23"]
[SourceQuality "1"]

1. e4 c6 2. d4 d5 3. e5 c5 4. c3 Bf5 5. dxc5 e6 6. b4 Nd7 7. Bb5 Ne7 8. Nf3 Nc6 9. 0-0 Be7 10. Nd4 Nxd4 11. cxd4 0-0 12. Nc3 a5 13. Bxd7 axb4 14. Nxd5 Qxd7 15. Nb6 Qb5 16. Nxa8 Rxa8 17. Be3 Bd3 18. Re1 Bc4 19. Qd2 Ra3 20. Reb1 b3 21. axb3 Rxa1 22. Rxa1 Qxb3 23. Ra8+ Bf8 24. h3 Bd5 25. Bg5 Qb1+ 26. Kh2 Qf1 27. f3 b5 28. Be7 Bxa8 29. Bxf8 Kxf8 30. Qa5 Bc6 31. d5 exd5 32. Qd8+ Be8 33. Qd6+ Kg8 34. Qb8 Kf8 35. e6 fxe6 36. c6 Ke7 37. Qc7+ Kf6 38. Qd8+ Kf7 39. c7 Qe1 40. c8Q Qe5+ 41. f4 Qxf4+ 42. Kg1 Qd4+ 43. Kh1 Qa1+ 44. Kh2 1/2-1/2

[Event "Gatineau Rois Memorial"]
[Site "Gatineau"]
[Date "2005.01.25"]
[Round "4"]
[White "Lacourse, Guy"]
[Black "Dallaire, Dominic"]
[Result "1-0"]
[WhiteElo "1679"]
[BlackElo "1781"]
[PlyCount "81"]
[EventDate "2005.01.04"]
[EventType "swiss"]
[EventRounds "5"]
[EventCountry "CAN"]
[SourceTitle "EXT 2006"]
[Source "ChessBase"]
[SourceDate "2005.11.24"]
[SourceVersion "1"]
[SourceVersionDate "2005.11.24"]
[SourceQuality "1"]

1. d4 Nf6 2. Nf3 g6 3. g3 Bg7 4. Bg2 0-0 5. 0-0 d6 6. b3 Bg4 7. Bb2 Ne4 8. Nfd2 Nxd2 9. Nxd2 d5 10. h3 Bd7 11. c4 c6 12. Kh2 e6 13. f4 f5 14. e3 Be8 15. Ba3 Rf7 16. Nf3 h6 17. h4 Bf6 18. Rh1 Rh7 19. Kg1 Na6 20. Qd2 Nc7 21. Bb4 Bf7 22. a4 g5 23. hxg5 hxg5 24. Rxh7 Kxh7 25. Kf2 g4 26. Rh1+ Kg7 27. Nh2 Na6 28. Bc3 Qb6 29. Rb1 dxc4 30. Ba5 Qxb3 31. Rxb3 cxb3 32. Bc3 Kg6 33. Qd3 Rd8 34. Nxg4 Be7 35. Ne5+ Kg7 36. Bxc6 Nc5 37. dxc5 Rxd3 38. Nxd3+ Kh6 39. Bxb7 Bh5 40. c6 Bd6 41. Be5 1-0

[Event "Hull La Colonne Ouverte"]
[Site "Hull"]
[Date "2002.10.22"]
[Round "2"]
[White "Laurin, Marcel"]
[Black "Dallaire, Dominic"]
[Result "1-0"]
[WhiteElo "1766"]
[BlackElo "1655"]
[PlyCount "81"]
[EventDate "2002.10.15"]
[EventType "swiss"]
[EventRounds "5"]
[EventCountry "CAN"]
[SourceTitle "EXT 2022"]
[Source "ChessBase"]
[SourceDate "2021.10.06"]
[SourceVersion "1"]
[SourceVersionDate "2021.10.06"]
[SourceQuality "1"]

1. d4 Nf6 2. c4 g6 3. Nc3 Bg7 4. e4 d6 5. f3 0-0 6. Be3 b6 7. Qd2 c5 8. d5 Re8 9. Bh6 Bh8 10. Bd3 Nbd7 11. Nge2 Ne5 12. 0-0 Nxd3 13. Qxd3 Nd7 14. f4 Nf6 15. h3 a6 16. Rf3 Bd7 17. Raf1 b5 18. f5 bxc4 19. Qd2 Bg7 20. fxg6 fxg6 21. Bxg7 Kxg7 22. Ng3 Qb6 23. Nd1 Qb4 24. Qg5 Ba4 25. Nh5+ Kg8 26. Nxf6+ exf6 27. Qxf6 Bxd1 28. Rxd1 Rxe4 29. Qxd6 Re1+ 30. Rxe1 Qxe1+ 31. Kh2 Re8 32. Qxc5 Qe5+ 33. Kg1 Qxb2 34. Qxc4 Re1+ 35. Rf1 Rxf1+ 36. Kxf1 Qb5 37. Qxb5 axb5 38. Ke2 Kf7 39. Kd3 Ke7 40. Kc3 Kd6 41. Kb4 1-0

[Event "Hull-ch3"]
[Site "Hull"]
[Date "2001.03.20"]
[Round "3"]
[White "Dallaire, Dominic"]
[Black "Lavergne, Daniel"]
[Result "1-0"]
[WhiteElo "1476"]
[BlackElo "1618"]
[PlyCount "41"]
[EventDate "2001.03.??"]
[EventType "tourn"]
[EventRounds "5"]
[EventCountry "CAN"]
[SourceTitle "EXT 2005"]
[Source "ChessBase"]
[SourceDate "2004.11.15"]
[SourceVersion "1"]
[SourceVersionDate "2004.11.15"]
[SourceQuality "1"]

1. e4 c5 2. Nf3 d6 3. d4 cxd4 4. Nxd4 Nf6 5. Nc3 a6 6. a4 e5 7. Nb3 Be6 8. Nd2 Qc7 9. Nf3 h6 10. h3 b6 11. Be3 Nbd7 12. Be2 Be7 13. 0-0 0-0 14. Nd5 Bxd5 15. exd5 e4 16. Nd4 Nxd5 17. Nf5 N7f6 18. Bd2 Qd7 19. Bg4 Nxg4 20. Qxg4 Qxf5 21. Qxf5 1-0